000
00309nam a2200133Ia 4500
100
_a
Anderson/Norman A
942
_c
BK
654
_a
Instrumentation
245
_a
Instrumentation for process Measurement
260
_b
CRC Press
_a
Mumbai
_c
1989
082
_a
629.83
_b
AND
300
_a
498
546
_a
ENGLISH
999
_c
32455
_d
32455